Kadra reprezentacji Belgii - MŚ 2014 - Statystyki

Ogólne statystyki
  • Ten quiz został rozwiązany 27 razy
  • Średni wynik to 12 z 24
Statystyki odpowiedzi
Nr Zawodnik Poz % Poprawnych
7 Kevin De Bruyne PO
92%
9 Romelu Lukaku NA
92%
10 Eden Hazard NA
84%
5 Jan Vertonghen OB
84%
1 Thibaut Courtois BR
84%
6 Axel Witsel PO
72%
8 Marouane Fellaini PO
72%
12 Simon Mignolet BR
72%
2 Toby Alderweireld OB
72%
14 Dries Mertens NA
64%
4 Vincent Kompany OB
56%
17 Divock Origi NA
52%
22 Nacer Chadli PO
52%
3 Thomas Vermaelen OB
52%
15 Daniel van Buyten OB
40%
19 Moussa Dembélé PO
40%
11 Kevin Mirallas NA
28%
16 Steven Defour PO
24%
# Marc Wilmots Trener
20%
20 Adnan Januzaj NA
16%
21 Anthony Vanden Borre OB
8%
18 Nicolas Lombaerts OB
8%
23 Laurent Ciman OB
4%
13 Sammy Bossut BR
0%
Nie znaleziono quizów pasujących do podanych kryteriów
Rozkład punktacji
Procent ludzi z każdym wynikiem
Percentyl według liczby udzielonych odpowiedzi
Twoja historia wyników
Nie rozwiązałeś tego quizu